The human body in health & disease / (رقم التسجيلة. 26116)

تفاصيل مارك
000 -الفاتح
حقل البيانات ثابتة الطول 01917cam a22004094a 4500
001 - رقم الضبط
رقم الضبط 262883057
003 - محدد رقم الضبط
رقم الضبط OSt
005 - وقت وتاريخ اخر تعامل مع التسجيلة
رقم الضبط 20150408114101.0
007 - الحقل الثابت للوصف المادى- معلومات عامة
حقل البيانات ثابتة الطول co ugu||||||||
008 - عناصر البيانات ثابتة الطول - معلومات عامة
حقل البيانات ثابتة الطول 090109s2010 moua 001 0 eng
010 ## - رقم ضبط مكتبة الكونجرس
رقم ضبط مكتبة الكونجرس 2009000728
020 ## - الرقم الدولى المعيارى للكتب
الرقم الدولى المعيارى للكتاب 9780323054911 (hardcover : alk. paper)
020 ## - الرقم الدولى المعيارى للكتب
الرقم الدولى المعيارى للكتاب 0323054919 (hardcover : alk. paper)
020 ## - الرقم الدولى المعيارى للكتب
الرقم الدولى المعيارى للكتاب 9780323054928 (pbk. : alk. paper)
020 ## - الرقم الدولى المعيارى للكتب
الرقم الدولى المعيارى للكتاب 0323054927 (pbk. : alk. paper)
035 ## - رقم ضبط النظام
رقم ضبط النظام (OCoLC)262883057
040 ## - مصدر الفهرسة
وكالة الفهرسة الأصلية Ma-Un
042 ## - رمز التحقق
رمز التحقق pcc
082 00 - رقم تصنيف ديوى العشرى
رقم التصنيف 612
رقم الطبعة 22
100 1# - المدخل الرئيسى - إسم شخصى
الإسم الشخصى Thibodeau, Gary A.,
التواريخ المصاحبة للاسم 1938-
9 (RLIN) 5282
245 14 - بيان العنوان
العنوان The human body in health & disease /
بيان المسئوليه,etc Gary A. Thibodeau, Kevin T. Patton.
246 3# - العنوان الموازى
عنوان صحيح/عنوان مختصر Human body in health and disease.
250 ## - بيان الطبعة
بيان الطبعة 5th ed.
260 ## - PUBLICATION, DISTRIBUTION, ETC. (IMPRINT)
مكان الناشر او الموزع St. Louis, Mo. :
اسم الناشر او الموزع Mosby/Elsevier,
تاريخ النشر أو التوزيع c2010.
300 ## - الوصف المادى
التعداد 1 v. (various pagings) :
تفاصيل ماديه اخرى للوعاء ill. (chiefly col.) ;
أبعاد الوعاء 26 cm. +
المادة المصاحبة 1 CD-ROM (4 3/4 in.)
500 ## - تبصرة عامة
تبصرة عامة Includes index.
500 ## - تبصرة عامة
تبصرة عامة Semi-transparent plastic overlays laid in.
505 0# - تبصرة محتويات-الفهرس
تبصرة المحتويات المصاغة An introduction to the structure and function of the body -- Chemistry of life -- Cells and tissues -- Organ systems of the body -- Mechanisms of disease -- The integumentary system and body membranes -- The skeletal system -- The muscular system -- The nervous system -- The senses -- The endocrine system -- Blood -- The heart and heart disease -- The circulation of the blood -- The lymphatic system and immunity -- The respiratory system -- The digestive system -- Nutrition and metabolism -- The urinary system -- Fluid and electrolyte balance -- Acid-base balance -- The reproductive systems -- Growth and development -- Genetics and genetic diseases.
650 #0 - المدخل الاضافى بالموضوع-مصطلح موضوعى
مصطلح موضوعي أو اسم جغرافي كعنصر مدخل Human physiology.
650 #0 - المدخل الاضافى بالموضوع-مصطلح موضوعى
مصطلح موضوعي أو اسم جغرافي كعنصر مدخل Human anatomy.
650 #0 - المدخل الاضافى بالموضوع-مصطلح موضوعى
مصطلح موضوعي أو اسم جغرافي كعنصر مدخل Physiology, Pathological.
650 12 - المدخل الاضافى بالموضوع-مصطلح موضوعى
مصطلح موضوعي أو اسم جغرافي كعنصر مدخل Physiology.
650 22 - المدخل الاضافى بالموضوع-مصطلح موضوعى
مصطلح موضوعي أو اسم جغرافي كعنصر مدخل Anatomy.
650 22 - المدخل الاضافى بالموضوع-مصطلح موضوعى
مصطلح موضوعي أو اسم جغرافي كعنصر مدخل Pathology.
700 1# - المدخل الاضافى - اسم شخصى
الإسم الشخصى Patton, Kevin T.
9 (RLIN) 5284
942 ## - عناصر المدخل الإضافي( كوها)
مصدر التصنيف او مخطط الترفيف Dewey Decimal Classification
Koha [default] item type كتاب
المقتنيات
حالة الفقد نموذج السعر الفعال حالة تلف ليس للاعارة رقم الطلب رقم النسخة تاريخ الاكتساب الموقع الحالي الباركود الفرع الرئيسي Total Renewals Date last checked out Date last seen نوع المادة فى نظام كوها مصدر التصنيف او خطة الترفيف Total Checkouts
  2013-03-10     612 TGH n1 2012-10-22 المكتبة المركزية بالمجمعة (CL) 00450129 المكتبة المركزية بالمجمعة (CL) 1 2016-02-07 2016-02-21 كتاب Dewey Decimal Classification 2
  2013-03-10     612 TGH n2 2012-10-22 المكتبة المركزية بالمجمعة (CL) 00450128 المكتبة المركزية بالمجمعة (CL) 1 2013-01-28 2013-05-29 كتاب Dewey Decimal Classification 1
  2013-03-10     612 TGH n3 2012-10-22 المكتبة المركزية بالمجمعة (CL) 00450127 المكتبة المركزية بالمجمعة (CL)     2013-03-10 كتاب Dewey Decimal Classification  
  2013-10-31     612 TGH   2013-10-31 مكتبة كلية العلوم الطبية التطبيقية بالمجمعة - طالبات (AMF) 00403070 مكتبة كلية العلوم الطبية التطبيقية بالمجمعة - طالبات (AMF)     2013-10-31 كتاب Dewey Decimal Classification  
  2013-10-31     612 TGH   2013-10-31 مكتبة كلية العلوم الطبية التطبيقية بالمجمعة - طالبات (AMF) 00403071 مكتبة كلية العلوم الطبية التطبيقية بالمجمعة - طالبات (AMF)   2017-11-16 2018-02-05 كتاب Dewey Decimal Classification 1
  2013-10-31     612 TGH   2013-10-31 مكتبة كلية العلوم الطبية التطبيقية بالمجمعة - طالبات (AMF) 00403072 مكتبة كلية العلوم الطبية التطبيقية بالمجمعة - طالبات (AMF)     2013-10-31 كتاب Dewey Decimal Classification  
  2013-10-31     612 TGH   2013-10-31 مكتبة مجمع الكليات بالزلفى - طلاب (SZM) 00403073 مكتبة مجمع الكليات بالزلفى - طلاب (SZM)     2013-10-31 كتاب Dewey Decimal Classification  
  2013-10-31     612 TGH   2013-10-31 مكتبة مجمع الكليات بالزلفى - طلاب (SZM) 00403074 مكتبة مجمع الكليات بالزلفى - طلاب (SZM)     2013-10-31 كتاب Dewey Decimal Classification